देवांगना / (Record no. 92636)

MARC details
000 -LEADER
fixed length control field 00991nam a22002297a 4500
005 - DATE AND TIME OF LATEST TRANSACTION
control field 20181126160716.0
010 ## - LCCN (DPL NO)
LC control number HIN-105293
020 ## - INTERNATIONAL STANDARD BOOK NUMBER
International Standard Book Number 9789350642702
Terms of availability 150.00
020 ## - INTERNATIONAL STANDARD BOOK NUMBER
International Standard Book Number 9789350642702
Terms of availability 175.00
035 ## - SYSTEM CONTROL NUMBER
System control number HN-77639
037 ## - SOURCE OF ACQUISITION
Source of stock number/acquisition DBAD / PUB
082 ## - DEWEY DECIMAL CLASSIFICATION NUMBER
Classification number
100 ## - MAIN ENTRY--PERSONAL NAME
Personal name चतुरसेन, आचार्य़
245 ## - TITLE STATEMENT
Title देवांगना /
Statement of responsibility, etc चतुरसेन
246 ## - VARYING FORM OF TITLE
Title proper/short title Devangna
Remainder of title by Chatursen
260 ## - PUBLICATION, DISTRIBUTION, ETC. (IMPRINT)
Place of publication, distribution, etc दिल्ली
Name of publisher, distributor, etc राजपाल
Date of publication, distribution, etc 2014
-- 2017
270 ## - ADDRESS
City दिल्ली
Address 1590, मदरसा रोड, कश्मीरी गेट
Postal code 110006
Telephone number 011-23869812, 23865483
Electronic mail address sales@rajpalpublishing.com
Fax number 011-23867791
300 ## - PHYSICAL DESCRIPTION
Extent 128पृ.
Dimensions 22 सें.मी.(अजिल्द)
650 ## - SUBJECT ADDED ENTRY--TOPICAL TERM
Topical term or geographic name as entry element हिन्दी कथा साहित्य
942 ## - ADDED ENTRY ELEMENTS (KOHA)
Source of classification or shelving scheme Dewey Decimal Classification
Item type Hindi Books
Classification part
Call number suffix चतुर
Holdings
Withdrawn status Lost status Not for loan Collection code Home library Current library Date acquired Source of acquisition Cost, normal purchase price Full call number Barcode Copy number Cost, replacement price Koha item type
      Fiction Bawana Bawana 26/11/2018 राजपाल 2239/18-19/20.11.2018/540/19.11.2018/20.11.2018 175.00 उ चतुर B-712880 1 175.00 Hindi Books
    Not For Loan Fiction D.B.Act.Division D.B.Act.Division 31/03/2015 DBAD / PUB 150.00 उ चतुर HN-77639 1 150.00 Hindi Books

© Delhi Public Library
Hit Counter
free hit counter